Statistics for Politické strany - zkratky a předsedové

Click here to take the quiz!

General Stats

  • This quiz has been taken 59 times
    (39 since last reset)
  • The average score is 17 of 30

Answer Stats

ZkratkaCelý název% Correct
ANO 2011Andrej Babiš
86%
KSČMKomunistická strana Čech a Moravy
84%
SPDSvoboda a přímá demokracie - Tomio Okamura
81%
STANStarostové a nezávislí
78%
ODSObčanská demokratická strana
73%
SPDTomio Okamura
73%
ČSSDČeská strana sociálně demokratická
68%
SZStrana zelených
68%
ÚsvitÚsvit – Národní Koalice
68%
PirátiIvan Bartoš
65%
TOP09Jiří Pospíšil
65%
ODSPetr Fiala
65%
KSČMVojtěch Filip
65%
ČSSDBohuslav Sobotka
62%
ODAObčanská demokratická aliance
62%
STANPetr Gazdík
59%
DSSSDělnická strana sociální spravedlnosti
57%
Koruna česká (monarchistická strana Čech, Moravy a Slezska)
54%
PirátiČeská pirátská strana
51%
KSČKomunistická strana Československa
51%
KDU-ČSLKřesťanská a demokratická unie - Československá strana lidová
49%
SPOStrana práv občanů
49%
KDU-ČSLPavel Bělobrádek
46%
SPOJan Veleba
41%
REALRealisté
41%
ANO 2011Akce nespokojených občanů
38%
TOP 09Tradice, odpovědnost, prosperita
38%
LESLiberálně ekologická strana
32%
LESMartin Bursík
32%
RozumníPetr Hannig
22%

Score Distribution

Percentile by Number Answered

Percent of People with Each Score

Your Score History

You have not taken this quiz since the last reset